| 000 | 00381nam a22001577a 4500 | ||
|---|---|---|---|
| 999 |
_c10938 _d10938 |
||
| 003 | OSt | ||
| 008 | 210915b ||||| |||| 00| 0 eng d | ||
| 020 | _a9781632401960 | ||
| 082 |
_a621 _bSAE |
||
| 100 | _aSAVA, Rene | ||
| 245 | _aEncyclopedia of Machanical Engineering | ||
| 260 |
_bClanrye Int. _c2015 |
||
| 300 | _a356 | ||
| 650 | _aDictionary: Encyclopedia | ||
| 942 |
_2ddc _cBK |
||